Statistics for Continent by hint

Click here to take the quiz!

General Stats

  • This quiz has been taken 29 times
  • The average score is 7 of 7

Answer Stats

HintContinent% Correct
Has lots of poor peopleAfrica
100%
Noone lives hereAntarctica
100%
Has lots of transcontinental countriesAsia
100%
Has more countries than it's buddyNorth America
100%
1's transcontinal countries can be hereEurope
96%
3's buddySouth America
96%
Continent I live inOceania/Australia
93%

Score Distribution

Percentile by Number Answered

Percent of People with Each Score

Your Score History

You have not taken this quiz